000 00374nam a2200133Ia 4500
005 20260328101459.0
008 260328s9999||||xx |||||||||||||| ||und||
100 _aSilva F., Olavo Pereira da
245 0 _aArquitetura luso-Brasileira no Maranhao /
_cOlavo Pereira da Silva F.
260 _bBelo Horizonte
300 _a252 p.
650 _aARQUITECTURA REGIONAL
942 _cBK
999 _c8923
_d8923